Evangelion - Quizz #2 - Statistiques

Statistiques générales
  • Ce quiz a été pris 6 fois
  • Le résultat moyen est 4 sur 20
Statistiques - réponses
Question Reponse % Correct
Nom de l'Opening de l'anime A Cruel Angel's Thesis
67%
Forme primaire de l'humanité surnommée ''soupe de vie'' LCL
67%
Nom angélique des humains Lilin
67%
Ange né par conséquence de cette dernière Tabris/Kaworu
50%
Âme à partir de laquelle les Dummy Plug desEvangelion de série sont basées Kaworu
33%
Vaisseau au sein duquel est arrivé Adamsur Terre Lune Blanche
33%
Plan apocalyptique mené par la SEELE visant à forcer l'évolution de l'humanité Plan de Complémentarité del'Homme
33%
Nom des combinaisons des pilotes Plugsuit
33%
''Chambre'' où les âmes non nées résident Chambre de Guf
17%
Chanteuse de ce dernier Yoko Takahashi
17%
Taux de synchronisation de Shinji à lapremière activation de l'Eva 01 41,3%
0%
Pourcentage de similarité génétiqueentre les anges et les humains 99,89%
0%
Arme expérimentale de la JSSDFqui servit à abattre Ramiel Canon à positrons
0%
Expérience responsable de l'éveil d'Adam Expérience de Contact
0%
Organisation militaire responsable de l'assautdu Geofront dans the End of Evangelion JSSDF
0%
Montagne sur laquelle ce dernier fut monté Mont Futago
0%
Porte-avions des Nations Unies ayant escorté l'Eva 02 de l'Allemagne au Japon Over the Rainbow
0%
Race ayant envoyé les deux Graines de VieTerre Première Race Ancestrale
0%
Ancien nom de Gendo Ikari Rokubungi
0%
Phénomène physique qui a permis à Asuka etShinji de vaincre Sandalphon dans le Mt Asama Thermo Dilatation
0%
Aucun quiz correspondant
Distribution des résultats
% des personnes avec chaque résultat
Percentile par nombre de réponses
Votre historique - résultats
Vous n’avez pas pris ce quiz